000 00777cam a22002531 4500
001 29045
003 BD-RjUL
005 20211209051350.0
008 140402s1955 nyu 001 0 eng d
035 _a(BD-RjUL)29130
040 _aDLC
_cOClU
_dDLC
_dBD-RjUL
_beng
041 _aeng
082 0 0 _a192
_bABP 1955
100 1 _aAbel, Reuben,
_d1911-
_988727
245 1 4 _aThe pragmatic humanism of F. C. S. Schiller /
_cby Reuben Abel
260 _aNew York :
_bKing's Crown Press, Columbia University,
_c1955.
300 _axii, 207 p. ;
_c19 cm.
500 _aInclude index
504 _aBibliography: p. [179]-203.
600 1 0 _aSchiller, F. C. S.
_q(Ferdinand Canning Scott),
_d1864-1937
_988731
942 _2ddc
_cBK
999 _c29045
_d29045